| 000 | 00710nam a22002057a 4500 | ||
|---|---|---|---|
| 999 |
_c144640 _d144640 |
||
| 005 | 20230816123131.0 | ||
| 010 | _aENG-120292 | ||
| 020 |
_a9788123022536 (vol-33) _c100.00 |
||
| 035 | _aEN-103824 | ||
| 037 | _bDBAD/PUB | ||
| 082 | _a301.153 | ||
| 100 | _aGandhi, Mahatma | ||
| 245 |
_aThe collected works of Mahatma Gandhi/ _bby Mahatma Gandhi |
||
| 260 |
_aDelhi _bPublication Divison _c2016 Dec.-(rep.) |
||
| 270 |
_a Ministryof Information and Broadcasting Govt of India Soochna Bhawan,CGO Complex,Lodhi Road _bNew Delhi _e110001 |
||
| 300 |
_avol-40-(xxiii,462p.) _c24cm(Hb) |
||
| 500 | _aIncludes index | ||
| 505 | _avol-40-February-May 1929 | ||
| 942 |
_2ddc _cEN _h301.153 _mGAN |
||